Statistics for Best Beaches in the World, vol. 1

Click here to take the quiz!

General Stats

  • This quiz has been taken 35 times
  • The average score is 5 of 15

Answer Stats

these "greatest beaches in the world' are......in these countries% Correct
Honokalani BeachUSA
81%
Sunset BeachUSA
75%
Honopu BeachUSA
59%
Waipo Valley BeachUSA
44%
Palm Beach (Aruba)Netherlands
41%
Blue Beach (La Chiva)USA
34%
Linquist BeachUSA
31%
Trunk BayUSA
31%
Orient Bay BeachFrance
13%
El NidoPhilippines
13%
Parrot CayUK
13%
Harbour IslandBahamas
9%
Matira BeachFrance
9%
Treasure BeachJamaica
3%
Reduit BeachSaint Lucia
0%

Score Distribution

Percentile by Number Answered

Percent of People with Each Score

Your Score History

You have not taken this quiz